000 00705nam a2200265Ia 4500
005 20260121170541.0
008 008 260114s9999 xx 000 0 eng d
020 _a9783319920818
037 _aEBOOK
040 _aCRL
040 _beng
040 _cCRL
041 _2eng
041 _aeng
084 _qCRL
100 _aTorkil Clemmensen, Venkatesh Rajamanickam, Peter Dannenmann, Helen Petrie, Marco Winckler
_91065260
245 0 _aGlobal Thoughts, Local Designs
260 _bSpringer
260 _bSpringer
260 _c2018
856 _uhttps://link.springer.com/openurl?genre=book&isbn=978-3-319-92081-8
942 _cEBOOK
999 _c1630990
_d1630990